The biography of the object in late mediaeval and Renaissance Italy

Αποθηκεύτηκε σε:
Λεπτομέρειες βιβλιογραφικής εγγραφής
Συγγραφή απο Οργανισμό/Αρχή: International Congress on Medieval Studies
Άλλοι συγγραφείς: Olson, Roberta J. M. (Επιμελητής έκδοσης), Reilly, Patricia L. (Επιμελητής έκδοσης), Shepherd, Rupert (Επιμελητής έκδοσης)
Μορφή: Πρακτικό Συνεδρίου Βιβλίο
Γλώσσα:English
Δημοσίευση: Oxford : Blackwell, 2006
Θέματα:
Ετικέτες: Προσθήκη ετικέτας
Δεν υπάρχουν, Καταχωρήστε ετικέτα πρώτοι!

MARC

LEADER 00000cam a2200000 i 4500
001 1/69372
008 080107s2006 eng d
020 |a 1-4051-3955-2 
035 |l 10093397 
040 |a GR-MY-UA  |b gre  |e aacr 
041 0 |a eng 
082 0 |a 709.45  |2 (22) 
245 1 4 |a The biography of the object in late mediaeval and Renaissance Italy /  |c edited by Roberta J.M. Olson, Patricia L. Reilly and Rupert Shepherd 
260 |a Oxford :   |b Blackwell,   |c 2006 
300 |a 147 σ.;  |b εικ.;  |c 23 εκ. 
500 |a Τα περισσότερα από τα δοκίμια σε αυτόν τον όγκο παραδόθηκαν αρχικά ως έγγραφα σε τρεις θεματικά συνδεμένες συνόδους στο 37ο διεθνές συνέδριο στις μεσαιωνικές μελέτες στο Kalamazoo, Μίτσιγκαν Μάιος του 2002 
504 |a Περιέχει βιβλιογραφικες παραπομπές και ευρετήριο 
650 0 0 |a Material culture  |x Social aspects  |x History  |x Congresses. 
650 0 0 |a Art, Medieval  |z Italy  |x Congresses. 
650 0 0 |a Art, Renaissance  |z Italy  |x Congresses. 
650 0 0 |a Art, Italian  |x Congresses. 
650 0 0 |a Art and society  |z Italy  |x Congresses. 
651 0 |a Italy  |x Civilization  |x Congresses. 
700 1 |a Olson, Roberta J. M.  |4 edt 
700 1 |a Reilly, Patricia L.  |4 edt 
700 1 |a Shepherd, Rupert.  |4 edt 
711 2 |a International Congress on Medieval Studies   |n (37th :   |d 2002 :   |c Kalamazoo, Mich.) 
852 |a INST  |b LESVOS  |e 20080107  |h 709.45 BIO  |p 005100040405  |q 005100040405  |t BK  |y 0 
901 |a BIBL1-2008-1 
909 |a Λ  |b 142611 
922 |a 1ΕΛΗ  |b 200712  |c ΤΑΚ/ΚΥΒ  |d ΕΛΕΥΘΕΡΟΥΔΑΚΗΣ 
970 |a ΚΑΡΑ  |b ΓΙΑΣΕΜΗ  |z 2008/01/2008